Effects of trade facilitation on Kenya's exports to the European Union : (Record no. 30171)

MARC details
000 -LEADER
fixed length control field 01181cam a2200313 i 4500
001 - CONTROL NUMBER
control field 20842899
003 - CONTROL NUMBER IDENTIFIER
control field PACU
005 - DATE AND TIME OF LATEST TRANSACTION
control field 20190527110349.0
008 - FIXED-LENGTH DATA ELEMENTS--GENERAL INFORMATION
fixed length control field 190207s2018 ke a b 000 0 eng
020 ## - INTERNATIONAL STANDARD BOOK NUMBER
Canceled/invalid ISBN 9966058775 (invalid)
040 ## - CATALOGING SOURCE
Original cataloging agency DLC
Language of cataloging eng
Description conventions PACU
Transcribing agency PACU
042 ## - AUTHENTICATION CODE
Authentication code lcode
-- pcc
043 ## - GEOGRAPHIC AREA CODE
Geographic area code f-ke---
050 00 - LIBRARY OF CONGRESS CALL NUMBER
Classification number HD 9257 .K42
Item number O95 2018
100 1# - MAIN ENTRY--PERSONAL NAME
Personal name Owino, Boniface,
Relator term author.
245 10 - TITLE STATEMENT
Title Effects of trade facilitation on Kenya's exports to the European Union :
Remainder of title case of fruits and vegetables /
Statement of responsibility, etc. Boniface Owino.
260 ## - PUBLICATION, DISTRIBUTION, ETC. (IMPRINT)
Place of publication, distribution, etc. Nairobi, Kenya :
Name of publisher, distributor, etc. Kenya Institute for Public Policy Research and Analysis,
Date of publication, distribution, etc. 2018.
300 ## - PHYSICAL DESCRIPTION
Extent v, 36 pages :
Other physical details color illustrations ;
Dimensions 25 cm.
490 0# - SERIES STATEMENT
Series statement KIPPRA discussion paper ;
Volume/sequential designation no. 193
504 ## - BIBLIOGRAPHY, ETC. NOTE
Bibliography, etc Includes bibliographical references (pages 31-35).
650 #0 - SUBJECT ADDED ENTRY--TOPICAL TERM
Topical term or geographic name as entry element Fruit trade
Geographic subdivision Kenya.
650 #0 - SUBJECT ADDED ENTRY--TOPICAL TERM
Topical term or geographic name as entry element Exports
Geographic subdivision Kenya
Topical term following geographic name as entry element European Union
650 #0 - SUBJECT ADDED ENTRY--TOPICAL TERM
Topical term or geographic name as entry element Trade
Geographic subdivision Kenya
Topical term following geographic name as entry element European Union
650 #0 - SUBJECT ADDED ENTRY--TOPICAL TERM
Topical term or geographic name as entry element Exports
Geographic subdivision Kenya
Topical term following geographic name as entry element Produce
650 #0 - SUBJECT ADDED ENTRY--TOPICAL TERM
Topical term or geographic name as entry element Vegetable trade
Geographic subdivision Kenya.
650 #0 - SUBJECT ADDED ENTRY--TOPICAL TERM
Topical term or geographic name as entry element Exports
Geographic subdivision Kenya
Topical term following geographic name as entry element Fruiys and Vegetables
700 ## - ADDED ENTRY--PERSONAL NAME
Relator code Owino, Boniface.,
Personal name author.
942 ## - ADDED ENTRY ELEMENTS (KOHA)
Source of classification or shelving scheme Library of Congress Classification
Koha item type Special Collections
Classification part HD 9257 .K42
Item part O95 2018
Call number prefix SPEC
Holdings
Withdrawn status Lost status Source of classification or shelving scheme Damaged status Not for loan Collection code Home library Current library Shelving location Date acquired Source of acquisition Total Checkouts Full call number Barcode Date last seen Price effective from Koha item type
    Library of Congress Classification   Not For Loan Non-fiction PAC UNIVERSITY PAC UNIVERSITY Special Collection 27/05/2019 DONATION   SPEC HD 9257 .K42 O95 2018 54008 27/05/2019 27/05/2019 Special Collections

Richard Ondeng' Library |56875-00200,Nairobi | Kenya
Tel: +254-20-2013146 / 2076894 | Mobile: 0721-932050, 0734-400694
Email: enquiries@pacuniversity.ac.ke| Website: www.pacuniversity.ac.ke
Powered by PAC University ICT Department